[Event "Titled Tue 26th Aug Early"]
[Site "chess.com INT"]
[Date "2025.08.26"]
[Round "8"]
[White "Gavarrete, Nahun"]
[Black "Romero Ruscalleda, Josep"]
[Result "0-1"]
[WhiteTitle "FM"]
[BlackTitle "FM"]
[WhiteElo "2281"]
[BlackElo "2110"]
[WhiteFideId "8400709"]
[BlackFideId "2231859"]
[EventDate "2025.08.26"]

1. e4 g6 2. d4 Bg7 3. g3 d6 4. Ne2 Bg4 5. c3 Bf3 6. Rg1 Bxe4 7. Bg2 Bxg2 8. Rxg2
Nf6 9. Qb3 Qc8 10. Kf1 O-O 11. Be3 Nbd7 12. Nd2 a5 13. a4 b6 14. Rc1 e5 15. dxe5
Nxe5 16. Bd4 Re8 17. Nf4 c5 18. Bxe5 dxe5 19. Ne2 Qc6 20. Nc4 Rab8 21. Qb5 Qe6
22. Re1 Ne4 23. Rd1 Red8 24. Re1 Qxc4 0-1

[Event "Titled Tue 26th Aug Early"]
[Site "chess.com INT"]
[Date "2025.08.26"]
[Round "8"]
[White "Mesquita, Eduardo Barbosa"]
[Black "Owen, Garth I"]
[Result "1-0"]
[BlackTitle "CM"]
[WhiteElo "2060"]
[BlackElo "1807"]
[WhiteFideId "22757163"]
[BlackFideId "10700382"]
[EventDate "2025.08.26"]

1. e4 c5 2. Nf3 d6 3. d4 cxd4 4. Nxd4 Nf6 5. Nc3 a6 6. f3 e5 7. Nb3 Be6 8. Be3
Be7 9. Qd2 O-O 10. O-O-O Nbd7 11. g4 b5 12. g5 b4 13. gxf6 bxc3 14. Qxc3 Nxf6
15. Na5 Rc8 16. Nc6 Qd7 17. Nxe7+ Qxe7 18. Qa5 d5 19. exd5 Nxd5 20. Rxd5 Bxd5
21. Qxd5 Rfd8 22. Qe4 Qe6 23. Bd3 g6 24. b3 f5 25. Bc4 Qxc4 26. Qxc4+ Rxc4 27.
bxc4 Kf7 28. Rd1 Rc8 29. c5 Ke6 30. Rd6+ Ke7 31. Rxa6 f4 32. Bf2 Rb8 33. c6 Kd6
34. c4 Rb4 35. c5+ Kc7 36. Kc2 1-0

[Event "Titled Tue 26th Aug Early"]
[Site "chess.com INT"]
[Date "2025.08.26"]
[Round "8"]
[White "Bortnyk, Olexandr"]
[Black "Adewumi, Tanitoluwa"]
[Result "1-0"]
[WhiteTitle "GM"]
[BlackTitle "IM"]
[WhiteElo "2601"]
[BlackElo "2421"]
[WhiteFideId "14120828"]
[BlackFideId "30966396"]
[EventDate "2025.08.26"]

1. d4 Nf6 2. Nc3 d5 3. Bf4 a6 4. e3 e6 5. a3 c5 6. Nf3 Nc6 7. h3 Bd6 8. dxc5
Bxc5 9. Bd3 O-O 10. O-O h6 11. e4 dxe4 12. Nxe4 Nxe4 13. Bxe4 Qf6 14. Qc1 e5 15.
Bg3 Bf5 16. Bxc6 Qxc6 17. Nxe5 Qf6 18. Qf4 Rad8 19. Bh4 g5 20. Ng4 gxf4 21. Bxf6
Rd5 22. c4 Rd7 23. Nxh6+ Kh7 24. Nxf5 Kg6 25. Be7 Bxe7 26. Rad1 Rc7 27. Nxe7+
Rxe7 28. Rfe1 Rc7 29. Re4 Rfc8 30. Rdd4 b5 31. cxb5 axb5 32. Rxf4 1-0

[Event "Titled Tue 26th Aug Early"]
[Site "chess.com INT"]
[Date "2025.08.26"]
[Round "8"]
[White "Kuznetsov, Felix"]
[Black "Swarna Nihal"]
[Result "1-0"]
[WhiteTitle "FM"]
[BlackTitle "FM"]
[WhiteElo "2171"]
[BlackElo "2366"]
[WhiteFideId "34147990"]
[BlackFideId "25683640"]
[EventDate "2025.08.26"]

1. e4 c5 2. Nf3 g6 3. d4 cxd4 4. Nxd4 Nc6 5. Nc3 Bg7 6. Be3 Nf6 7. Bc4 O-O 8.
Bb3 d6 9. f3 Bd7 10. Qd2 Nxd4 11. Bxd4 b5 12. h4 a5 13. h5 a4 14. Bd5 b4 15. Ne2
Ra5 16. hxg6 hxg6 17. Qxb4 Rb5 18. Qc3 e5 19. Be3 Nxd5 20. exd5 Rxd5 21. Rd1
Rxd1+ 22. Kxd1 Be6 23. Qd2 Qa8 24. Nc3 Rd8 25. Bh6 Bh8 26. Qg5 Qa7 27. Qxd8+ 1-0

[Event "Titled Tue 26th Aug Early"]
[Site "chess.com INT"]
[Date "2025.08.26"]
[Round "8"]
[White "Fedorov, Artem Alek"]
[Black "Amburgy, Ryan"]
[Result "1-0"]
[WhiteTitle "CM"]
[BlackTitle "FM"]
[WhiteElo "2093"]
[BlackElo "2363"]
[WhiteFideId "34418431"]
[BlackFideId "30924820"]
[EventDate "2025.08.26"]

1. e4 e5 2. Nf3 Nc6 3. Bc4 Bc5 4. c3 Nf6 5. d3 O-O 6. Bg5 h6 7. Bh4 d6 8. a4 a5
9. Nbd2 Ba7 10. Qe2 Qe7 11. O-O-O Be6 12. h3 Rfd8 13. g4 d5 14. exd5 Bxd5 15. g5
hxg5 16. Nxg5 Bxc4 17. Nxc4 Kf8 18. Nh7+ Ke8 19. Rhg1 Qe6 20. Rxg7 Nxh7 21. Rxh7
Rdc8 22. Re1 Qg6 23. Nxe5 Qxh7 24. Nxc6+ Kd7 25. Qe7+ Kxc6 26. Qf6+ 1-0

[Event "Titled Tue 26th Aug Early"]
[Site "chess.com INT"]
[Date "2025.08.26"]
[Round "8"]
[White "Liang, Awonder"]
[Black "Papasimakopoulos, Alexandros"]
[Result "0-1"]
[WhiteTitle "GM"]
[BlackTitle "IM"]
[WhiteElo "2696"]
[BlackElo "2361"]
[WhiteFideId "2056437"]
[BlackFideId "4244125"]
[EventDate "2025.08.26"]

1. b3 d5 2. Bb2 Bg4 3. g3 e6 4. Bg2 Nf6 5. d3 Be7 6. Nd2 O-O 7. h3 Bh5 8. g4 Bg6
9. e3 Nfd7 10. Ne2 a5 11. a4 Bf6 12. Bxf6 Qxf6 13. Ng3 Qh4 14. Nf3 Qe7 15. h4 h6
16. g5 Nc6 17. Nh2 hxg5 18. hxg5 Qxg5 19. Nf3 Qe7 20. Nh4 Nf6 21. Kf1 Rfe8 22.
Qf3 Bh7 23. Nh5 Bg6 24. Nf4 Bh7 25. Qh3 Ne5 26. d4 Ned7 27. Nf3 Kf8 28. Ng5 Bxc2
29. Qh8+ Ng8 30. Qh4 Qb4 31. Rc1 Qd2 32. Rxc2 Qd1# 0-1

[Event "Titled Tue 26th Aug Early"]
[Site "chess.com INT"]
[Date "2025.08.26"]
[Round "8"]
[White "Pribelszky, Bence"]
[Black "Jin, Ashton"]
[Result "0-1"]
[WhiteTitle "IM"]
[WhiteElo "2428"]
[BlackElo "2196"]
[WhiteFideId "769738"]
[BlackFideId "30931908"]
[EventDate "2025.08.26"]

1. Nf3 d5 2. d4 Nf6 3. Bf4 e6 4. e3 Bd6 5. Ne5 O-O 6. c3 c5 7. h4 Nc6 8. h5 h6
9. g4 Qc7 10. g5 hxg5 11. Bxg5 Nxe5 12. dxe5 Bxe5 13. f4 Ne4 14. Qg4 Nxg5 15.
Qxg5 Bf6 16. Qg3 e5 17. Nd2 exf4 18. exf4 Re8+ 19. Kf2 Bf5 20. Bh3 Qd7 21. h6 g6
22. h7+ Kh8 23. Nf3 Bxh3 24. Rxh3 Qf5 25. Rf1 Re4 26. Kg1 Rxf4 27. Re1 Re4 28.
Rf1 Rg4 0-1

[Event "Titled Tue 26th Aug Early"]
[Site "chess.com INT"]
[Date "2025.08.26"]
[Round "8"]
[White "Al-Tarboush, Ward"]
[Black "Chassard, Cedric"]
[Result "1-0"]
[WhiteTitle "FM"]
[BlackTitle "FM"]
[WhiteElo "2224"]
[BlackElo "2208"]
[WhiteFideId "7601450"]
[BlackFideId "16243536"]
[EventDate "2025.08.26"]

1. e4 g6 2. d4 Bg7 3. Nc3 d5 4. exd5 Nf6 5. Bc4 O-O 6. Nge2 Nbd7 7. Nf4 Nb6 8.
Bb3 a5 9. a4 Bf5 10. O-O Ne4 11. Qf3 Nxc3 12. bxc3 Qd7 13. h3 g5 14. Nh5 h6 15.
Ba3 Rfe8 16. Rfe1 Bf8 17. c4 Bg6 18. c5 Nc8 19. c6 bxc6 20. dxc6 Qf5 21. Qxf5
Bxf5 22. Nf6+ exf6 23. Rxe8 Nb6 24. Rxa8 Nxa8 25. Bc5 Nb6 26. Re1 Bxc5 27. dxc5
Nc8 28. Re8+ Kg7 29. g4 Be6 30. Bxe6 Na7 31. Bd7 h5 32. Ra8 h4 33. Rxa7 1-0

[Event "Titled Tue 26th Aug Early"]
[Site "chess.com INT"]
[Date "2025.08.26"]
[Round "8"]
[White "Dandeniya, D D L N"]
[Black "Pechnikov, Artiom"]
[Result "1-0"]
[WhiteTitle "CM"]
[BlackTitle "CM"]
[WhiteElo "1985"]
[BlackElo "2014"]
[WhiteFideId "29928818"]
[BlackFideId "24104124"]
[EventDate "2025.08.26"]

1. d4 d5 2. c4 e6 3. Nf3 Nf6 4. g3 Bb4+ 5. Bd2 Be7 6. Qc2 c6 7. Bg2 O-O 8. h4 b6
9. Nc3 Ba6 10. Ng5 Bxc4 11. e4 g6 12. e5 Ne8 13. Nxh7 Kxh7 14. h5 Kg7 15. hxg6
Rh8 16. Rxh8 Kxh8 17. gxf7 Ng7 18. Qg6 Nf5 19. O-O-O 1-0

[Event "Titled Tue 26th Aug Early"]
[Site "chess.com INT"]
[Date "2025.08.26"]
[Round "8"]
[White "Tureshbayev, Anuar"]
[Black "Grieve, Harry"]
[Result "0-1"]
[WhiteTitle "CM"]
[BlackTitle "IM"]
[WhiteElo "2214"]
[BlackElo "2479"]
[WhiteFideId "651081709"]
[BlackFideId "426520"]
[EventDate "2025.08.26"]

1. Nf3 d5 2. e3 Nf6 3. b3 Bg4 4. Bb2 Nbd7 5. h3 Bxf3 6. Qxf3 e6 7. c4 Bd6 8. d4
c6 9. Bd3 Qe7 10. O-O h5 11. cxd5 exd5 12. Nc3 O-O-O 13. e4 dxe4 14. Nxe4 Nxe4
15. Bxe4 Nf6 16. Rfe1 Nxe4 17. Rxe4 Qd7 18. Rae1 g6 19. d5 cxd5 20. Ra4 Rhe8 21.
Rc1+ Kb8 22. Bd4 a6 23. g3 Qxh3 24. Qxf7 Bxg3 25. fxg3 Qxg3+ 26. Kh1 Qh4+ 27.
Kg1 Qg5+ 28. Kh2 Qxc1 29. Rb4 Qd2+ 0-1

[Event "Titled Tue 26th Aug Early"]
[Site "chess.com INT"]
[Date "2025.08.26"]
[Round "8"]
[White "Daulet, Alikhan"]
[Black "Tarhan, Adar"]
[Result "0-1"]
[WhiteTitle "CM"]
[BlackTitle "IM"]
[WhiteElo "2158"]
[BlackElo "2474"]
[WhiteFideId "13741632"]
[BlackFideId "34544712"]
[EventDate "2025.08.26"]

1. d4 Nf6 2. c4 e6 3. Nc3 d5 4. cxd5 exd5 5. Bg5 c6 6. e3 h6 7. Bh4 Bf5 8. Qf3
g6 9. g4 Qb6 10. Qe2 Bxg4 11. f3 g5 12. Bg3 Be6 13. Be5 Nbd7 14. Bh3 Nxe5 15.
dxe5 Nd7 16. Bxe6 fxe6 17. f4 O-O-O 18. Nf3 Bc5 19. fxg5 hxg5 20. Nxg5 Bxe3 21.
Nf7 Rhf8 22. Nxd8 Rf2 23. Qd3 Nxe5 24. Qh7 Nf3+ 25. Kd1 Rd2+ 26. Kc1 Qxb2# 0-1

[Event "Titled Tue 26th Aug Early"]
[Site "chess.com INT"]
[Date "2025.08.26"]
[Round "8"]
[White "Janaszak, Dawid"]
[Black "Aguilera Rodriguez, Alfredo R."]
[Result "1-0"]
[WhiteTitle "FM"]
[BlackTitle "FM"]
[WhiteElo "2306"]
[BlackElo "2348"]
[WhiteFideId "1119206"]
[BlackFideId "3512991"]
[EventDate "2025.08.26"]

1. e4 e5 2. Nc3 Nc6 3. Bc4 d6 4. d3 f5 5. f4 fxe4 6. dxe4 Nf6 7. Nf3 Bg4 8. O-O
exf4 9. Bxf4 Qd7 10. h3 Be6 11. Nd5 O-O-O 12. Ng5 Bg8 13. b4 h6 14. Nf3 Nxe4 15.
b5 Na5 16. Qd4 Nc5 17. Bb3 Kb8 18. Rad1 Ne6 19. Qa4 Nxf4 20. Nxf4 Nxb3 21. axb3
d5 22. Nd4 Bc5 23. Kh1 Bf7 24. Nd3 Bb6 25. Ne5 1-0

[Event "Titled Tue 26th Aug Early"]
[Site "chess.com INT"]
[Date "2025.08.26"]
[Round "8"]
[White "Shimanov, Aleksandr"]
[Black "Popov, Tikhon"]
[Result "1-0"]
[WhiteTitle "GM"]
[BlackTitle "FM"]
[WhiteElo "2578"]
[BlackElo "2335"]
[WhiteFideId "4198603"]
[BlackFideId "24252026"]
[EventDate "2025.08.26"]

1. d4 Nf6 2. Bg5 h5 3. c4 Ne4 4. Bf4 d6 5. f3 Nf6 6. e4 Nc6 7. Ne2 e5 8. Be3 g6
9. Qd2 Bg7 10. Nbc3 exd4 11. Nxd4 O-O 12. Be2 Nxd4 13. Bxd4 h4 14. O-O-O a6 15.
Kb1 Be6 16. Nd5 b5 17. Qc3 Bxd5 18. cxd5 Rc8 19. Rc1 Nh5 20. Bxg7 Nxg7 21. f4
Qd7 22. Bf3 Rfe8 23. Rhd1 Re7 24. a3 Qe8 25. Ka1 f5 26. e5 dxe5 27. fxe5 Rxe5
28. d6 1-0

[Event "Titled Tue 26th Aug Early"]
[Site "chess.com INT"]
[Date "2025.08.26"]
[Round "8"]
[White "Swara Lakshmi S Nair"]
[Black "Kalyani Sirin"]
[Result "0-1"]
[WhiteTitle "WCM"]
[BlackTitle "WFM"]
[WhiteElo "2138"]
[BlackElo "2162"]
[WhiteFideId "25629239"]
[BlackFideId "33323500"]
[EventDate "2025.08.26"]

1. e4 e5 2. Nf3 Nc6 3. Bb5 f5 4. d3 fxe4 5. dxe4 Nf6 6. O-O Bc5 7. Nc3 d6 8. h3
O-O 9. Qe2 Qe7 10. Be3 Nd4 11. Bxd4 exd4 12. Nxd4 Kh8 13. Rad1 c6 14. Bc4 Bd7
15. a3 b5 16. Bb3 a5 17. Rfe1 Rae8 18. Nf5 Qe5 19. Ng3 Qxg3 20. Rd3 Qg6 21. Kh1
Nh5 22. Qd2 Rxf2 0-1

[Event "Titled Tue 26th Aug Early"]
[Site "chess.com INT"]
[Date "2025.08.26"]
[Round "8"]
[White "Zouaghi, Amir"]
[Black "Hajialiyev, Islam"]
[Result "0-1"]
[WhiteTitle "FM"]
[BlackTitle "CM"]
[WhiteElo "2301"]
[BlackElo "2138"]
[WhiteFideId "249262"]
[BlackFideId "13442724"]
[EventDate "2025.08.26"]

1. d4 Nf6 2. Nf3 e6 3. g3 d5 4. c4 Be7 5. Bg2 O-O 6. O-O c6 7. Qc2 b6 8. Rd1 Bb7
9. Nc3 Nbd7 10. Ne5 Nxe5 11. dxe5 Ng4 12. f4 Bc5+ 13. Kf1 f6 14. Na4 Nxh2+ 15.
Ke1 fxe5 16. Nxc5 bxc5 17. fxe5 Qc7 18. Bf4 g5 19. Bxg5 Qxe5 20. Bf4 Rxf4 21.
gxf4 Qxf4 22. Qd3 Kh8 23. Bf3 Rg8 24. Kf2 Qg3+ 25. Ke3 Qg5+ 26. Kf2 d4 27. Rg1
Qh4+ 0-1

[Event "Titled Tue 26th Aug Early"]
[Site "chess.com INT"]
[Date "2025.08.26"]
[Round "8"]
[White "Dyachuk, Artem"]
[Black "Andreikin, Dmitry"]
[Result "0-1"]
[WhiteTitle "FM"]
[BlackTitle "GM"]
[WhiteElo "2298"]
[BlackElo "2695"]
[WhiteFideId "34107924"]
[BlackFideId "4158814"]
[EventDate "2025.08.26"]

1. e4 c5 2. Nf3 e6 3. d4 cxd4 4. Nxd4 a6 5. Bd3 Bc5 6. Nb3 Ba7 7. Qe2 Nc6 8. Be3
d6 9. Nc3 b5 10. a3 Nge7 11. O-O-O O-O 12. f4 b4 13. axb4 Nxb4 14. Bxa7 Rxa7 15.
Qe3 Nec6 16. e5 d5 17. Ne2 a5 18. Nbd4 a4 19. Nxc6 Nxc6 20. Bb5 Rc7 21. Bxa4 Bd7
22. Bxc6 Rxc6 23. Nd4 Ra6 24. Kd2 Qb6 25. Ra1 Rxa1 26. Rxa1 Qxb2 27. Qc3 Qb6 28.
Ra3 Rc8 29. Rb3 Qa7 30. Qe3 h6 31. Rc3 Qa5 32. Ne2 Rc4 33. Ke1 d4 0-1

[Event "Titled Tue 26th Aug Early"]
[Site "chess.com INT"]
[Date "2025.08.26"]
[Round "8"]
[White "Gutierrez Carmona, Juan Alejandro"]
[Black "Marcziter, Dmitrii"]
[Result "0-1"]
[WhiteTitle "FM"]
[BlackTitle "FM"]
[WhiteElo "2036"]
[BlackElo "2188"]
[WhiteFideId "5106770"]
[BlackFideId "13900765"]
[EventDate "2025.08.26"]

1. Nf3 Nf6 2. c4 g6 3. Nc3 Bg7 4. e4 d6 5. d4 O-O 6. Be2 Na6 7. Be3 c5 8. O-O
Ng4 9. Bg5 h6 10. Bc1 cxd4 11. Nxd4 Ne5 12. Rb1 Nc5 13. Be3 a5 14. f4 Nc6 15.
Ndb5 b6 16. f5 g5 17. Qd2 e6 18. Rbd1 Bb7 19. Nxd6 Ba6 20. Qe1 Qe7 21. Qf2 Bf6
22. e5 Bh8 23. f6 Qc7 0-1

[Event "Titled Tue 26th Aug Early"]
[Site "chess.com INT"]
[Date "2025.08.26"]
[Round "8"]
[White "Ienasoaie, Rafael"]
[Black "Zepeda Berlanga, Jan Enrique"]
[Result "1-0"]
[WhiteTitle "CM"]
[BlackTitle "CM"]
[WhiteElo "2168"]
[BlackElo "2003"]
[WhiteFideId "1266659"]
[BlackFideId "5132355"]
[EventDate "2025.08.26"]

1. d4 Nf6 2. Nc3 d5 3. Bf4 c5 4. e3 a6 5. dxc5 Nc6 6. Nf3 e6 7. Na4 Be7 8. c3
Nh5 9. Bg3 Nxg3 10. hxg3 e5 11. a3 Bg4 12. Be2 O-O 13. Qc2 g6 14. Rd1 Rc8 15.
Nb6 Bxc5 16. Nxc8 Bxc8 17. O-O Be6 18. Rd2 f5 19. Rfd1 f4 20. gxf4 exf4 21. e4
Bg4 22. Rxd5 Qb6 23. Bc4 Be6 24. Rxc5 1-0

[Event "Titled Tue 26th Aug Early"]
[Site "chess.com INT"]
[Date "2025.08.26"]
[Round "8"]
[White "Erigaisi, Arjun"]
[Black "Durarbayli, Vasif"]
[Result "1-0"]
[WhiteTitle "GM"]
[BlackTitle "GM"]
[WhiteElo "2776"]
[BlackElo "2612"]
[WhiteFideId "35009192"]
[BlackFideId "13402935"]
[EventDate "2025.08.26"]

1. d4 Nf6 2. Bg5 d5 3. e3 e6 4. Nd2 h6 5. Bh4 Nbd7 6. f4 c5 7. Ngf3 Qb6 8. Rb1
Bd6 9. c3 g5 10. fxg5 hxg5 11. Bxg5 Bg3+ 12. Ke2 Qa6+ 13. c4 dxc4 14. Qc2 b5 15.
a4 bxa4 16. Kd1 cxd4 17. Bxc4 Qa5 18. Ne4 d3 19. Qxd3 Ng4 20. hxg3 Rxh1+ 21. Kc2
Rxb1 22. Nd6+ Kf8 23. Qh7 Rxb2+ 24. Kxb2 Qb4+ 25. Ka2 1-0

[Event "Titled Tue 26th Aug Early"]
[Site "chess.com INT"]
[Date "2025.08.26"]
[Round "8"]
[White "Puzyrevsky, Semyon"]
[Black "Preobrazhenskaya, Diana"]
[Result "1-0"]
[WhiteTitle "FM"]
[BlackTitle "WFM"]
[WhiteElo "2269"]
[BlackElo "2140"]
[WhiteFideId "24240931"]
[BlackFideId "34270566"]
[EventDate "2025.08.26"]

1. d4 Nf6 2. Bf4 d5 3. e3 c5 4. Nf3 Nc6 5. Nbd2 Nh5 6. Be5 e6 7. c3 Bd6 8. Bxd6
Qxd6 9. Bb5 O-O 10. Bxc6 bxc6 11. Ne5 g6 12. O-O f6 13. Nd3 Ba6 14. dxc5 Qe7 15.
Nb3 e5 16. Re1 Bxd3 17. Qxd3 a5 18. c4 a4 19. Nd2 Qxc5 20. Rac1 Qa5 21. Nb1 Rad8
22. Nc3 d4 23. Ne4 dxe3 24. Qxe3 Nf4 25. Red1 Rxd1+ 26. Rxd1 Rd8 27. Nxf6+ Kf7
28. Nd7 Ke7 29. g3 Rxd7 30. Rxd7+ Kxd7 31. gxf4 exf4 32. Qxf4 Qe1+ 33. Kg2 Qe6
34. b4 axb3 35. axb3 c5 36. h3 Kc6 37. Qe3 Qd7 38. Qe4+ Kb6 39. Kg3 Qd6+ 40. Qf4
Qd1 41. Qf6+ Kc7 42. Qe7+ Kb6 43. Kg2 Qd3 44. Qe3 Qf5 45. b4 1-0

[Event "Titled Tue 26th Aug Early"]
[Site "chess.com INT"]
[Date "2025.08.26"]
[Round "8"]
[White "Lemos, Dawton Almino"]
[Black "Gutman, Gennadi"]
[Result "1-0"]
[WhiteTitle "FM"]
[BlackTitle "GM"]
[WhiteElo "2172"]
[BlackElo "2445"]
[WhiteFideId "2146797"]
[BlackFideId "14102277"]
[EventDate "2025.08.26"]

1. e4 c6 2. d3 d5 3. Nd2 e5 4. Ngf3 Bd6 5. g3 Nf6 6. Bg2 O-O 7. O-O Re8 8. a4
Nbd7 9. Nh4 Nf8 10. c3 Ng6 11. Nf5 Bxf5 12. exf5 Ne7 13. g4 Bc7 14. h3 Qd6 15.
Re1 Rad8 16. Nf1 h6 17. Ng3 Bb6 18. Be3 Bxe3 19. Rxe3 d4 20. cxd4 exd4 21. Ne4
Nxe4 22. Rxe4 c5 23. Qf3 Nd5 24. Rxe8+ Rxe8 25. Qxd5 Qf4 26. Be4 b6 27. Kg2 Qd2
28. b3 Qg5 29. Kg3 h5 30. f4 h4+ 31. Kf3 Qh6 32. Qc6 Rxe4 33. Qxe4 1-0

[Event "Titled Tue 26th Aug Early"]
[Site "chess.com INT"]
[Date "2025.08.26"]
[Round "8"]
[White "Shafer, Logan C"]
[Black "Rogov, Matfey"]
[Result "0-1"]
[WhiteTitle "CM"]
[BlackTitle "FM"]
[WhiteElo "2234"]
[BlackElo "2348"]
[WhiteFideId "30993342"]
[BlackFideId "44191308"]
[EventDate "2025.08.26"]

1. e4 Nf6 2. e5 Nd5 3. d4 d6 4. Nf3 g6 5. Be2 Bg7 6. c4 Nb6 7. exd6 cxd6 8. O-O
O-O 9. Nc3 Bg4 10. Be3 Nc6 11. d5 Bxf3 12. Bxf3 Ne5 13. Be2 Nbxc4 14. Bd4 Rc8
15. f4 Nxb2 16. Qb3 Nf3+ 17. Rxf3 Bxd4+ 18. Kh1 Bxc3 19. Rxc3 Rxc3 20. Qxc3 Na4
21. Qd4 Nc5 22. h4 e6 23. h5 Qh4+ 24. Kg1 e5 25. Qf2 Qxf2+ 26. Kxf2 exf4 27. h6
f5 28. Kf3 Re8 29. Bb5 Re4 30. Rc1 g5 31. Kf2 a6 32. Be2 Kf7 33. Rb1 Kg6 34. Bf3
Re3 35. Rb6 g4 36. Rxd6+ Kg5 37. Rd8 Nd3+ 38. Kg1 Re1+ 0-1

[Event "Titled Tue 26th Aug Early"]
[Site "chess.com INT"]
[Date "2025.08.26"]
[Round "8"]
[White "Sevig, Mert Can"]
[Black "Schnaider, Ilan"]
[Result "0-1"]
[WhiteTitle "CM"]
[BlackTitle "IM"]
[WhiteElo "2143"]
[BlackElo "2386"]
[WhiteFideId "44546335"]
[BlackFideId "169013"]
[EventDate "2025.08.26"]

1. Nf3 d5 2. g3 Bf5 3. Bg2 e6 4. d3 h6 5. O-O Nf6 6. Nbd2 c6 7. Ne5 Nbd7 8. Nxd7
Nxd7 9. e4 Bh7 10. f4 Bc5+ 11. Kh1 O-O 12. Qe2 a5 13. Nf3 a4 14. c3 Ba7 15. g4
dxe4 16. dxe4 Nc5 17. f5 exf5 18. gxf5 Qd3 19. Nd4 Rfd8 20. Qg4 h5 21. Qh4 Re8
22. Re1 a3 23. b4 Qxc3 24. Be3 Nd3 25. Ne2 Qxb4 26. Reb1 Qc4 27. Bxa7 Rxa7 28.
Rg1 Bxf5 29. Bf3 Bxe4 30. Rxg7+ Kxg7 31. Qg5+ Bg6 0-1

[Event "Titled Tue 26th Aug Early"]
[Site "chess.com INT"]
[Date "2025.08.26"]
[Round "8"]
[White "Murthy, Pappu"]
[Black "Zmijanac, Dusko"]
[Result "0-1"]
[BlackTitle "FM"]
[WhiteElo "1836"]
[BlackElo "2014"]
[WhiteFideId "2013401"]
[BlackFideId "908762"]
[EventDate "2025.08.26"]

1. e4 Nf6 2. e5 Nd5 3. c4 Nb6 4. d4 d6 5. f4 dxe5 6. fxe5 c5 7. d5 e6 8. Nc3
exd5 9. cxd5 c4 10. Nf3 Bb4 11. d6 Nc6 12. Bg5 Qd7 13. Be2 Bc5 14. Ne4 Bb4+ 15.
Nc3 O-O 16. O-O h6 17. Bh4 Re8 18. Bg3 Qe6 19. a3 Bc5+ 20. Kh1 Nd7 21. Nd5 Bb6
22. Bxc4 Ndxe5 23. Nxe5 Nxe5 24. Bxe5 Qxe5 25. Nc7 Be6 26. Bxe6 fxe6 27. Nxa8
Rxa8 28. Qf3 Qxd6 29. Qf7+ Kh8 30. Qxb7 Rd8 31. h3 e5 32. Rad1 Bd4 33. Rf7 Qg6
34. Kh2 Re8 35. Qd7 Rg8 36. Qe7 Qc2 37. Rdf1 Qxb2 38. Rf8 Qb3 39. Rxg8+ Kxg8 40.
Rf8+ Kh7 0-1

[Event "Titled Tue 26th Aug Early"]
[Site "chess.com INT"]
[Date "2025.08.26"]
[Round "8"]
[White "Rodrigues Mota, Romulo Cardoso S"]
[Black "Carafizi, Vasile"]
[Result "1-0"]
[BlackTitle "FM"]
[WhiteElo "1940"]
[BlackElo "2134"]
[WhiteFideId "2187442"]
[BlackFideId "4002539"]
[EventDate "2025.08.26"]

1. e4 e5 2. Nf3 Nc6 3. d4 exd4 4. Bc4 Nf6 5. e5 d5 6. Bb5 Ne4 7. Nxd4 Bd7 8.
Bxc6 bxc6 9. O-O Be7 10. f3 Nc5 11. f4 Ne4 12. Nc3 Nxc3 13. bxc3 c5 14. Ne2 c6
15. f5 Bg5 16. Qd3 O-O 17. Qg3 Bxc1 18. Nxc1 Kh8 19. Nd3 c4 20. Nf4 Bxf5 21.
Nxd5 Bxc2 22. Nf4 Qd2 23. Rf2 Qd7 24. Rxc2 Rab8 25. Nh5 Rg8 26. Rf1 h6 27. Rcf2
Rbf8 28. Qh4 Qe6 29. Rf6 Qxe5 30. Nxg7 Rxg7 31. Rxh6+ Rh7 32. Rxh7+ Kg8 33. Rh5 1-0

[Event "Titled Tue 26th Aug Early"]
[Site "chess.com INT"]
[Date "2025.08.26"]
[Round "8"]
[White "Li, Yilin"]
[Black "Galstyan, David"]
[Result "0-1"]
[WhiteTitle "WFM"]
[BlackTitle "FM"]
[WhiteElo "1921"]
[BlackElo "2284"]
[WhiteFideId "8610410"]
[BlackFideId "54516196"]
[EventDate "2025.08.26"]

1. e4 a6 2. d4 b5 3. c3 Bb7 4. Bd3 e6 5. Ne2 c5 6. O-O Nc6 7. Re1 cxd4 8. cxd4
Nb4 9. Nbc3 Nxd3 10. Qxd3 Nf6 11. d5 e5 12. d6 Qb6 13. Rd1 b4 14. Na4 Qb5 15.
Qxb5 axb5 16. Nc5 Bxe4 17. Bg5 Bc6 18. Bxf6 gxf6 19. Ng3 Rg8 20. f3 Rg5 21. Nge4
Rg6 22. Kf2 f5 23. Ng3 Rxd6 24. Nd3 f4 25. Ne2 Rd5 26. Nec1 f6 27. Nb3 Be7 28.
Ke2 Ra4 29. Nd2 f5 30. a3 bxa3 31. bxa3 Rxa3 32. Rxa3 Bxa3 33. Ra1 b4 34. Rb1
Bb5 35. Rb3 Rxd3 36. Rxd3 d5 0-1

[Event "Titled Tue 26th Aug Early"]
[Site "chess.com INT"]
[Date "2025.08.26"]
[Round "8"]
[White "Zeliantsova, Kseniya"]
[Black "Waldhausen Gordon, Frederick"]
[Result "0-1"]
[WhiteTitle "WFM"]
[BlackTitle "FM"]
[WhiteElo "2062"]
[BlackElo "2393"]
[WhiteFideId "13512617"]
[BlackFideId "2409143"]
[EventDate "2025.08.26"]

1. e4 e5 2. Nf3 Nc6 3. Bb5 a6 4. Ba4 Nf6 5. d3 d6 6. O-O g6 7. c3 Bd7 8. Re1 Bg7
9. Nbd2 O-O 10. Nf1 Nh5 11. Bg5 Qe8 12. h3 h6 13. Be3 Kh7 14. Ng3 Nxg3 15. fxg3
f5 16. exf5 Rxf5 17. Bc2 d5 18. g4 Rf7 19. c4 Be6 20. cxd5 Bxd5 21. Nd2 Nb4 22.
Bb1 Qb5 23. Ne4 Rd8 24. Nc3 Qc6 25. a3 Bxg2 26. axb4 Bxh3 27. Ne4 Rdf8 28. Qc2
Qd7 29. Nf2 Rxf2 30. Qxf2 Qxg4+ 31. Kh2 Rxf2+ 32. Bxf2 Qg2# 0-1